000 00436nam a2200181Ia 4500
001 13110
005 20260306163029.0
008 260306t1997||||xx |||||||||||||| ||spa||
041 _aESP
082 _aRE 372.03
_bL539
100 _aNieto Sacramento (Ed.)
_eAUT
245 0 _aEnciclopedia estudiantil lexus
260 _c1997
300 _a1120 páginas :
_c27 cm.
650 _aGEN
654 _aCED
942 _cLIB
_dJUS
_fJUS
_2ddc
_n
999 _c13110
_d13110